• 首页
  • 本馆介绍
  • 公告通知
  • 最新文献
  • 馆藏检索
  • 电子资源
  • 读者导购
  • 参考咨询
  • 我的图书馆
  • 登录
  • 详细信息显示
  • 放入我的书架
  • 预约/预借图书
  • 作者相关作品
  • 分类相关作品
  • 丛书相关作品
  • 出版社相关作品

书目信息

  • 表格格式
  • 工作单格式
  • 卡片格式
书名: Introduction to thermodynamics and heat transfer
作者:
分册号:
分册名:
出版地: Englewood Cliffs [N.J.] :
 
出版社: Prentice-Hall
出版时间: 1955.
页数: 429 p. :
开本: 22 cm.
丛书名:
中图分类号:
科图分类号:
其他分类号: O414
主题词:
电子资源:
000 00871cam a22002891 450
001 E0739591091
005 20070505110053.95
008 750326s1955 njua 000 0 eng
010    @a55009769
015    @aGB55-14395
035    @A(DLC) 55009769
035    @a(OCoLC)1239329
040    @aDLC@cTxDaM@dOCoLC@dUk@dDLC
050 00 @aTJ265@b.M648
082    @a621.101@a621.01*
090    @aO414
099    @dO414@ex20
100 1  @aMooney, David A.@q(David Alfred)
245 00 @aIntroduction to thermodynamics and heat transfer.
260    @aEnglewood Cliffs [N.J.] :@bPrentice-Hall,@c1955.
300    @a429 p. :@billus. ;@c22 cm.
650  0 @aThermodynamics.
650  0 @aHeat@xTransmission.
740 0  @aHeat transfer.
906    @a7@bcbc@coclcrpl@du@encip@f19@gy-gencatlg
985    @eOCLC REPLACEMENT
991    @bc-GenColl@hTJ265@i.M648@tCopy 1@wOCLCREP
    
    Introduction to thermodynamics and heat transfer.-Englewood Cliffs [N.J.] : : Prentice-Hall, , 1955.
    429 p. : : illus. ; ; 22 cm.
    
    
    ISBN
    
●
相关链接 在E读中查询图书 在五车中查询图书 在当当中查询图书 在豆瓣中查询图书


正题名:Introduction to thermodynamics and heat transfer     索取号:O414/x20         预约/预借

序号 登录号 条形码 馆藏地/架位号 状态 备注
1 0006736   300067362   第二样本阅览室/ [索取号:O414/x20] 在馆    
唐山师范学院图书馆 欢迎您!
大连网信软件有限公司© 版权所有